000 00620nam a2200217Ia 4500
008 150520s9999 xx 000 0 und d
050 _aHF 5549.5.R3
050 _b.P281 2015
100 _aPascual, John Vincent M.
245 _aPerformance management system system for E.M. tutorial center /
245 _cPascual, John Vincent M.
260 _aLas PiƱas, Philippines :
260 _bSISC,
260 _c2015.
300 _a167 pages :
300 _billustrations ;
300 _c28 cm.
500 _aIncludes bibliographical references and appendices.
650 _aPerformance
650 _xManagement
999 _c284095
_d284095